000 00921nam a2200313Ia 4500
003 OSt
005 20220912150416.0
006 a|||||r|||| 00| 0
007 ta
008 220909b |||||||| |||| 00| 0 eng d
020 _a0471370398 (hbd)
024 _a7325
037 _bAshutosh,
037 _cTextual
040 _aCSL
_beng
_cCSL
041 _aeng
082 _aB44, P0
100 _aImrich Wilfried
245 0 _aProduct graphs : Structure and recognition
260 _aNew York John Wiley Sons, Inc.
_c2000
300 _axv,358p.
_ccm.
490 _aWiley-Interscience series in discrete mathematics and optimization
500 _aAppendix A-C, 291-323p; Bibliography 324-344p; Index 345-358p
650 _a Graph Theory
650 _aMathematics
700 _a Klavzar Sandi
942 _hB44, P0
_cTEXL
_2CC
999 _c46916
_d46916